000
00219nam a22000857a 4500
008
161202b xxu||||| |||| 00| 0 eng d
100
_9
1728
_a
Mehta.S.N.
245
_a
Diabetes vegetarian sepie
260
_a
NEW DELHI
_b
SNAB
_c
2009
999
_c
4438
_d
4438